[Event "Barcelona Sant Marti op 6th"]
[Site "Barcelona"]
[Date "2017.03.02"]
[Round "8"]
[White "Severri Arrese, Carlos"]
[Black "Poyato Ruiz, Fernando"]
[Result "1/2-1/2"]
[WhiteElo "1931"]
[BlackElo "1818"]
[PlyCount "58"]
[EventDate "2017.01.12"]
[EventType "swiss"]
[EventRounds "9"]
[EventCountry "ESP"]
[SourceTitle "EXT 2018"]
[Source "ChessBase"]
[SourceDate "2017.10.13"]
[SourceVersion "1"]
[SourceVersionDate "2017.10.13"]
[SourceQuality "1"]

1. e4 e6 2. d4 d5 3. Bd3 Nf6 4. e5 Nfd7 5. Nf3 c5 6. c3 Nc6 7. 0-0 Be7 8. Be3 cxd4 9. cxd4 0-0 10. Nc3 a6 11. Rc1 f6 12. exf6 Nxf6 13. Ne5 Bd7 14. Bb1 Rc8 15. Ng4 Be8 16. Nxf6+ Bxf6 17. Qg4 Bf7 18. Rcd1 Qe8 19. Qh3 g6 20. Bh6 Bg7 21. Rfe1 Ne7 22. Bxg7 Kxg7 23. Re3 Qd7 24. Rde1 Bg8 25. Qh4 Nf5 26. Bxf5 Rxf5 27. g4 Rf6 28. Re5 Qd6 29. g5 Rf3 1/2-1/2